000 00808nam a2200229 a 4500
001 000018703
005 20240412074248.0
008 100514s2010 dr c 000 f spa d
020 _a9789993467564
040 _aDO-SdBNP
_bspa
_cBNPHU
082 _aRD863.44
_bR282a
100 1 _aRead Hopelman, Sonia
_940370
245 1 0 _aAmelia :
_bcuando muere el porvenir /
_cSonia Read Hopelman.
260 _aSanto Domingo :
_bBúho,
_c2010.
300 _a107 p. :
_bretrs. ;
_c19 cm.
590 _aInventariado, 2019/VM
600 1 4 _aRICART CALVENTI, ALTAGRACIA AMELIA,
_d1952-1966
_xRELATOS PERSONALES
_940371
650 0 _aNovela histórica dominicana.
_9860
650 4 _aRepública dominicana
_xHistoria
_y1965-1967
_940372
650 0 _aLiteratura dominicana.
_967
910 _aValidado. Control de calidad MMOLINA
999 _c18223
_d18223